NASCAR 2026 Tracks - Statistics

General Stats
  • This quiz has been taken 337 times
  • The average score is 16 of 32
Answer Stats
Picture Answer % Correct
Daytona
89%
Pocono
75%
Circuit of the Americas
74%
Martinsville
74%
Watkins Glen
69%
Indianapolis
68%
Atlanta
67%
Bristol
66%
Charlotte Roval
65%
Phoenix
65%
Sonoma
64%
Darlington
63%
Talladega
61%
Charlotte
56%
Bowman Gray
52%
Coronado
50%
Texas
50%
Las Vegas
49%
Gateway
42%
Homestead Miami
42%
Kansas
41%
Dover
40%
Lime Rock
38%
Michigan
37%
New Hampshire
37%
St Petersburg
36%
Richmond
34%
Chicagoland
30%
Rockingham
29%
Nashville
26%
Indianapolis Raceway Park
25%
North Wilkesboro
24%
No matching quizzes found
Score Distribution
Percent of People with Each Score
Percentile by Number Answered
Your Score History
You have not taken this quiz